000 00806nam a22002177a 4500
999 _c15839
_d15839
003 MIRAKIL
005 20240328130912.0
008 240328b tu ||||| |||| 00| 0 tur d
020 _a9789751628398
040 _aTR-AnCHP
_cTR-AnCHP
041 _atur
082 _a610.3
_bR37 2014
245 1 0 _aResimli deney hayvanları terimleri sözlüğü /
_cyayın yönetmenleri: Cahit Kalkan, Cengiz Yakıncı.
260 _aAnkara :
_bTürk Dil Kurumu,
_c2014.
300 _a798 s. :
_bres. ;
_c23 cm.
490 0 _aAtatürk Kültür, Dil ve Tarih Yüksek Kurumu Türk Dil Kurumu Yayınları ;
_v1118.
504 _aKaynakça: 775-798. ss
650 0 _97768
_aSözlükler
_xDeney Hayvanları
856 _zDijital Nüshası için Partimizin Kütüphane Sorumlusu ile iletişime geçiniz.
942 _2ddc
_cBKS